000 00448nam a22001697a 4500
005 20230117112229.0
008 220215b ||||| |||| 00| 0 eng d
020 _a9789331328748
041 _aeng
082 _a610.3
_bSUR-H
100 _aSURI , DR SHALINI
_97117
245 _aHOSPITAL MANAGEMENT AND HOSPITAL OPERATIONS
260 _aNEW DELHI
_bA.P.H PUBLICATION
_c2019
300 _a240;P.
650 _aPHARMACY
_xB.PHARMA
_97083
942 _cBK
999 _c7968
_d7966